|
|
|
|
| LEADER |
00958nam a2200193Ia 4500 |
| 001 |
TDMU_15546 |
| 008 |
210410s9999 xx 000 0 und d |
| 082 |
|
|
|a 307.1
|
| 100 |
|
|
|a Tôn, Nữ Quỳnh Trân
|
| 245 |
|
0 |
|a Nâng cao hiệu quả của tư vấn nước ngoài trong các dự án phát triển đô thị tại Thành phố Hồ Chí Minh
|
| 245 |
|
0 |
|b Tổng hợp ý kiến chuyên gia về tư vấn nước ngoài (Phụ lục)
|
| 245 |
|
0 |
|c Tôn Nữ Quỳnh Trân (chủ nhiệm đề tài)
|
| 260 |
|
|
|a Tp. Hồ Chí Minh
|
| 260 |
|
|
|c 2007
|
| 300 |
|
|
|a 108 tr.
|
| 650 |
|
|
|a Đề tài khoa học; Đô thị Quy hoạch và Phát triển
|
| 700 |
|
|
|a Sở Khoa học và Công nghệ Thành phố Hồ Chí Minh
|
| 856 |
|
|
|u http://lrc.tdmu.edu.vn/opac/search/detail.asp?aID=2&ID=15546
|
| 980 |
|
|
|a Trung tâm Học liệu Trường Đại học Thủ Dầu Một
|